000 01119cam9a220024100 4500
001 lce00686643
008 690925c19681937nyuac b 001 0 eng
010 _a 69013914
035 _a(Sirsi) r110523
035 _a(DLC) 69013914
035 _a(UPRA)lce00686643
050 0 _aJS708
_b.G6 1968b
082 _a320.9/773/11
100 1 _aGosnell, Harold Foote, 1896-
_dGosnell, Harold Foote, 1896-
_6A70353.1
245 1 0 _aMachine politics: Chicago model,
_cby Harold F. Gosnell. Foreword by William F. Ogburn.
260 _aNew York,
_bGreenwood Press
_c[1968, c1937]
504 _aBibliography: p. 214-219.
650 0 _aPolitics, Practical.
_6S32026.1
651 0 _aChicago (Ill.) -- Politics and government -- To 1950.
_xChicago (Ill.) -- Politics and government -- To 1950.
_yChicago (Ill.) -- Politics and government -- To 1950.
_6S53109.1
651 0 _aChicago (Ill.) -- Politics and government -- 1951-
_xChicago (Ill.) -- Politics and government -- 1951-
_yChicago (Ill.) -- Politics and government -- 1951-
_6S53110.1
949 _aJS708
_wlcc
_i33729001760227
_mMAIN
_p2500
_tBOOK
_lON-SHELF
004 110523
999 _c182440
_d182440